00790nam a2200217 a 450000100100000000500170001000800410002704000250006804100390009308200130013210000240014524000540016924501040022326000410032730000210036849000170038953400800040650000430048670000260052983000170055500002611020200930024317.0110301s1971 ag r 001 0 spa d aDO-SdBNPbspacBNPHU17aspahfre2Código de idiomas MARC ann*bnn*1 aHetman, François.10aLes secrets des géants américains.lEspañol14aLos secretos de los gigantes norteamericanos /cFrançois Hetman ; traducción de Susana Lugones. aBuenos Aires :bSudamericana,c1971. a226 p. ;c20 cm.1 aPerspectivas aTítulo del original en francés :tLes secrets des géants américains aIncluye índice de temas principales.1 aLugones, Susana,etr. 0aPerspectivas